000 00293pam a2200109a 44500
008 230405s2022 xxu||||| |||| 00| 0 eng d
041 _aENG
100 _aDR.B S KUCHEKAR
245 _aPHARMACEUTICAL JURISPRUDENCE (DR.B S KUCHEKAR )
260 _a
_bNIRALI PRAKASHAN PUNE
_c2022
906 _a5537
999 _c280808
_d280808